000 00487nam a22001577a 4500
999 _c9231
_d9231
008 210330b ||||| |||| 00| 0 eng d
040 _aBMS College of Architecture
100 _aB, Tulasi
245 _acentral prison and correctional Centre at Mysore
300 _a39p.
500 _a1BM02AT034
502 _8B.Arch
_NBMS College of Architecture, Visvesvaraya Technological University
_aProject report
_d2006
650 _aMysore
700 _aRajan Sridhar
_eGuide
942 _2ddc
_cTHE